| 000 | 00675nac a22001931u 4500 | ||
|---|---|---|---|
| 010 | _a 80014753 | ||
| 020 | _a0835902544 | ||
| 082 | 0 | 0 |
_a720.284 _bBAL |
| 090 |
_c9328 _d9328 |
||
| 100 | _aBall, John E. | ||
| 245 | 1 | 0 |
_aArchitectural drafting fundamentals / _cJohn E. Ball. |
| 260 |
_aReston, Va. : _bReston Pub. Co.,c.1980. _cc.1980. |
||
| 300 |
_avii, 328 p. : _bill. ; _c28 cm. |
||
| 500 | _aDistributer: Al-Ahram. | ||
| 511 | _aCatalogued By: Mahitab. | ||
| 650 | 0 | _aArchitectural drawing. | |
| 942 |
_cBB _k720.284BAL |
||
| 999 |
_c9328 _d9328 |
||